000 01273nam a2200409 a 4500
001 20444
003 VRT
005 20260122141455.0
008 961209q1995 xo g p 000 p slo c
020 _a8088834384 (brož.)
035 _aUKB000210377
039 9 _a202308151352
_bAUTHORITY
_c201105141212
_dgluc
040 _aBAA001
_bslo
_cBAA001
_eAACR2
041 1 _aslo
_heng
044 _axo
_cSK
080 _a820-1
100 1 _aBlake, William,
_d1757-1827
243 1 0 _aKlasicistická poézia
245 0 0 _aPiesne skúsenosti
_cWilliam Blake, Robert Burns ; [prel. Jana Kantorová, Stanislav Blaho]
260 _aRohovce
_bInterpopulart Slovakia
_c[1995]
300 _a97 s.
490 1 _aPopulart. Študentská knižnica
_v39
500 _aKlasicistická poézia
504 _aBibliogr. s. 97
650 0 7 _aliteratúra anglická klasicistická
650 0 7 _apoézia
653 _a820-1
700 1 _aBurns, Robert,
_d1759-1796
_4aut
700 1 _aKantorová, Jana
_4trl
700 1 _aBlaho, Stanislav
_4trl
830 0 _aPopulart.
_pŠtudentská knižnica
910 _aukb
942 _2ddc
_cKLDO
_n0
949 _61800009236
_a30.D.66691
_bPV.5697-96
949 _61800009235
_aSL.D.24714
_bPV.5698-96
949 _61800065049
_a30.D.66691
_bNA.249-99
999 _c20444
_d20444